Project finance (Application for transport infrastructure)

Salvato in:
Dettagli Bibliografici
Autore principale: Tučník, Miroslav
Altri autori: Vovk, Martin, 1976-
Natura: Capitolo di libro
Lingua:inglese
Tags: Aggiungi Tag
Nessun Tag, puoi essere il primo ad aggiungerne!!

MARC

LEADER 00000nla$a2200000$$$4500
001 0064821
005 20240502083156.6
041 0 |a eng 
044 |a CZ 
245 1 0 |a Project finance (Application for transport infrastructure)  |c Miroslav Tučník, Martin Vovk 
100 1 |a Tučník, Miroslav 
700 1 |a Vovk, Martin, 1976-